Řízení bezpečnosti informací : 2. rozšířené vydání o BCM

Saved in:
Bibliographic Details
Main Authors: Doucek, Petr (Author), a kol (Author)
Format: Book
Language:Czech
Published: Praha : Professional Publishing, 2011
Edition:2. přepr. vyd.
Subjects:
Tags: Add Tag
No Tags, Be the first to tag this record!

MARC

LEADER 00000nam a22000003a 4500
001 stu268213
005 20150617230224.0
008 130612s2011----xr------------------cze-d
020 |a 978-80-7431-050-8 
040 |a STU  |b slo 
041 0 |a cze 
044 |a xr 
080 |a 004.056  |7 stu_us_auth*stu414 
100 1 |a Doucek, Petr  |4 aut 
245 1 |a Řízení bezpečnosti informací :  |b 2. rozšířené vydání o BCM 
250 |a 2. přepr. vyd. 
260 |a Praha :  |b Professional Publishing,  |c 2011 
300 |a 286 s 
650 7 |a informačná bezpečnosť  |2 stusub 
650 7 |a bezpečnostný manažment  |2 stusub 
700 1 |a a kol.  |4 aut 
996 |b 284M085226  |c M*13503-1  |l MMKN  |s A  |a 24  |w stu268213_0001 
996 |b 284M085227  |c M*13503-2  |l MMKN  |s A  |a 24  |w stu268213_0002 
996 |b 284M085230  |c M*13503-5  |l MMST  |s A  |a 24  |w stu268213_0003 
996 |b 284M085228  |c M*13503-3  |l MMKN  |s A  |a 24  |w stu268213_0004 
996 |b 284M085229  |c M*13503-4  |l MMKN  |s A  |a 24  |w stu268213_0005